[Event "Southfield (MEX/1)"]
[Site "?"]
[Date "1983.??.??"]
[Round "?"]
[White "Rawley, L.."]
[Black "Murray, David"]
[Result "1-0"]
[WhiteElo "2200"]
[BlackElo "2085"]
[PlyCount "101"]
[EventDate "1983.??.??"]

1. e4 c5 2. Nf3 d6 3. Nc3 Nf6 4. d4 cxd4 5. Qxd4 a6 6. Bg5 Nc6 7. Qd2 e6 8.
O-O-O h6 9. Bf4 e5 10. Be3 Be6 11. Bd3 Qa5 12. a3 b5 13. Nd5 Qxd2+ 14. Nxd2
Bxd5 15. exd5 Nxd5 16. Be4 Nde7 17. Nb3 f5 18. Bf3 e4 19. Be2 Rd8 20. c4 b4 21.
c5 bxa3 22. bxa3 dxc5 23. Rxd8+ Nxd8 24. Bxa6 Nd5 25. Bb5+ Ke7 26. Bxc5+ Kf6
27. Bd4+ Kg6 28. Bb2 Nc7 29. Bd7 Nde6 30. Rd1 Be7 31. Kc2 Ra8 32. a4 Nc5 33.
Nxc5 Bxc5 34. Be5 Na6 35. Bg3 Kf6 36. Kd2 g5 37. f3 f4 38. Be1 e3+ 39. Ke2 Rb8
40. Bc3+ Kf7 41. Bb5 Bb4 42. Be5 Ra8 43. Rb1 Be7 44. Bc4+ Kf8 45. Rb6 Rc8 46.
Bxa6 Rc2+ 47. Kd1 Rd2+ 48. Ke1 Rxg2 49. Rb8+ Kf7 50. Bc4+ Kg6 51. Rb6+ 1-0

[Event "Ann Arbor (MI Op/6)"]
[Site "?"]
[Date "1983.??.??"]
[Round "?"]
[White "Rawley, L.."]
[Black "Knecht, Mark"]
[Result "1-0"]
[WhiteElo "2200"]
[BlackElo "2090"]
[PlyCount "51"]
[EventDate "1983.??.??"]

1. e4 e5 2. Nc3 Nf6 3. Bc4 Nc6 4. f4 d6 5. d3 Be7 6. Nf3 Be6 7. Bb5 exf4 8.
Bxf4 O-O 9. O-O d5 10. e5 Nd7 11. Kh1 Nb6 12. Qe1 Re8 13. Qg3 Bf8 14. Bg5 Qd7
15. d4 Bf5 16. Rf2 a6 17. Nh4 Bg6 18. Nxg6 fxg6 19. Bxc6 Qxc6 20. Raf1 Qe6 21.
Qf3 Be7 22. Bxe7 Qxe7 23. Nxd5 Qd7 24. e6 Qd6 25. Qf7+ Kh8 26. Nxc7 1-0

[Event "Southfield (MEX/4)"]
[Site "?"]
[Date "1983.??.??"]
[Round "?"]
[White "Rawley, L.."]
[Black "Gajic, Z.."]
[Result "0-1"]
[WhiteElo "2200"]
[BlackElo "2360"]
[PlyCount "210"]
[EventDate "1983.??.??"]

1. e4 c5 2. Nf3 e6 3. d4 cxd4 4. Nxd4 a6 5. Nc3 Qc7 6. Be2 Nf6 7. O-O b5 8. Bf3
e5 9. Nf5 b4 10. Nd5 Nxd5 11. Qxd5 Bb7 12. Qd3 Nc6 13. Rd1 g6 14. Ne3 Nd4 15.
Nc4 f6 16. Be3 Rc8 17. b3 Bc5 18. Rac1 O-O 19. c3 bxc3 20. Rxc3 Bc6 21. Rdc1
Bb4 22. Bxd4 exd4 23. R3c2 Bc3 24. Nd6 Rb8 25. Rd1 a5 26. Be2 a4 27. Qg3 Qa5
28. Bc4+ Kg7 29. Re2 Qe5 30. Rd3 Qxg3 31. hxg3 axb3 32. axb3 Ra8 33. Nb5 Ra1+
34. Kh2 Bxb5 35. Bxb5 d6 36. g4 Rb1 37. Bc4 Ra8 38. Kg3 Raa1 39. Kf4 Rg1 40. g3
h6 41. b4 Rgb1 42. Ba2 Rxb4 43. Kf3 Kf8 44. Rc2 Ke7 45. Re2 Ra4 46. Bb3 R4a3
47. Bc4 Ra7 48. Bd5 Kd7 49. Bf7 Kc6 50. Bxg6 Kc5 51. Kg2 Kc4 52. e5 fxe5 53. f4
Rg7 54. Bf5 Re7 55. fxe5 Rxe5 56. Rxe5 dxe5 57. Kf3 Rf1+ 58. Ke4 Re1+ 59. Kf3
Kd5 60. Kf2 Rc1 61. Kf3 Rf1+ 62. Kg2 Ra1 63. Kf3 Ra3 64. Be4+ Ke6 65. Bf5+ Kd5
66. Be4+ Kc4 67. Bf5 Ra1 68. Ke2 Rg1 69. Kf2 Rc1 70. Ke2 Bb4 71. Be6+ Kc5 72.
Kf3 Rf1+ 73. Kg2 Re1 74. Bf5 e4 75. Rb3 Kc4 76. Be6+ Kc5 77. Bf5 e3 78. Bd3 Rd1
79. Kf3 Rd2 80. Be2 Bc3 81. g5 hxg5 82. Rb5+ Kc6 83. Rxg5 Bb4 84. Re5 Bc5 85.
Re6+ Kd5 86. Re8 d3 87. Bxd3 Rxd3 88. g4 Rd2 89. g5 Rf2+ 90. Kg3 Bd6+ 91. Kh3
Rf3+ 92. Kg2 Rg3+ 93. Kf1 Bf4 94. Ke2 Bxg5 95. Ra8 Bf6 96. Rf8 Be5 97. Ra8 Ke4
98. Ra4+ Bd4 99. Ra8 Rg2+ 100. Kd1 Kd3 101. Ra3+ Bc3 102. Rxc3+ Kxc3 103. Ke1
Rf2 104. Kd1 Kd3 105. Ke1 Rf8 0-1

[Event "Ann Arbor (MI Op/7)"]
[Site "?"]
[Date "1983.??.??"]
[Round "?"]
[White "Rawley, L.."]
[Black "Czuhai, Kevin"]
[Result "1-0"]
[WhiteElo "2200"]
[BlackElo "2225"]
[PlyCount "95"]
[EventDate "1983.??.??"]

1. e4 c5 2. Nf3 d6 3. Nc3 Nf6 4. d4 cxd4 5. Nxd4 g6 6. Be3 Bg7 7. Be2 Nc6 8.
O-O O-O 9. Nb3 Be6 10. Qd2 Ne5 11. Bh6 Nc4 12. Bxc4 Bxh6 13. Qxh6 Bxc4 14. Rfe1
Qc7 15. Qg5 Kg7 16. Rad1 h6 17. Qh4 b5 18. Rd2 a5 19. Re3 a4 20. Nd4 b4 21. Nd5
Bxd5 22. exd5 Rh8 23. Nc6 Nxd5 24. Qd4+ Nf6 25. Nxe7 Qc5 26. Qxd6 Qxd6 27. Rxd6
Rhd8 28. Rdd3 b3 29. cxb3 axb3 30. a3 Rxa3 31. h3 Rxd3 32. Rxd3 Ra1+ 33. Kh2
Ne4 34. Rxb3 Nd2 35. Rb7 Nf1+ 36. Kg1 h5 37. h4 g5 38. hxg5 Kf8 39. f3 Ng3+ 40.
Kh2 Nf1+ 41. Kh3 Ne3 42. Kg3 Ra2 43. f4 Kg7 44. f5 Ra5 45. f6+ Kh7 46. g6+ Kh6
47. g7 Rg5+ 48. Kf3 1-0

[Event "East Detroit (MCO/4)"]
[Site "?"]
[Date "1983.??.??"]
[Round "?"]
[White "Puls, M.."]
[Black "Thompson, E.."]
[Result "1-0"]
[WhiteElo "2180"]
[BlackElo "1835"]
[PlyCount "65"]
[EventDate "1983.??.??"]

1. e4 d6 2. d4 g6 3. Nc3 Bg7 4. Nge2 Nf6 5. g3 O-O 6. Bg2 c6 7. a4 Nbd7 8. O-O
e5 9. h3 Re8 10. Be3 b6 11. g4 Ba6 12. Re1 Bxe2 13. Rxe2 Nf8 14. Rd2 Qe7 15. b4
h6 16. f4 Rac8 17. Rb1 N6h7 18. fxe5 dxe5 19. d5 cxd5 20. Nxd5 Qe6 21. Rf2 g5
22. a5 Rc6 23. b5 Rd6 24. Qe2 Rc8 25. Rbf1 Ng6 26. Rxf7 Nf4 27. Bxf4 exf4 28.
Rf5 bxa5 29. Kh1 a4 30. c4 Be5 31. Qa2 Bd4 32. e5 Bxe5 33. Re1 1-0

[Event "Southfield (MEX/5)"]
[Site "?"]
[Date "1983.??.??"]
[Round "?"]
[White "Puls, M.."]
[Black "Thomas, Carlton"]
[Result "1-0"]
[WhiteElo "2145"]
[BlackElo "2050"]
[PlyCount "59"]
[EventDate "1983.??.??"]

1. e4 e5 2. Nf3 Nf6 3. Nxe5 d6 4. Nf3 Nxe4 5. d4 d5 6. Bd3 Be7 7. O-O O-O 8. c4
Nf6 9. h3 Nc6 10. a3 dxc4 11. Bxc4 Qd6 12. Nc3 a6 13. Re1 Bf5 14. Bg5 Rae8 15.
Bh4 Qd7 16. d5 Na5 17. Ne5 Qc8 18. Ba2 Bxh3 19. gxh3 Qxh3 20. Bxf6 Bxf6 21. Qg4
Qh6 22. Nxf7 Rxe1+ 23. Rxe1 Qd2 24. Qe6 g6 25. Qxf6 Qxe1+ 26. Kg2 Qd2 27. Nh6+
Qxh6 28. d6+ Rf7 29. Qxf7+ Kh8 30. Qg8# 1-0

[Event "East Detroit (MCO/2)"]
[Site "?"]
[Date "1983.??.??"]
[Round "?"]
[White "Puls, M.."]
[Black "Tallosy, M.."]
[Result "1-0"]
[WhiteElo "2180"]
[BlackElo "1740"]
[PlyCount "61"]
[EventDate "1983.??.??"]

1. e4 e5 2. Nf3 Nc6 3. Bb5 a6 4. Ba4 Nf6 5. O-O b5 6. Bb3 Nxe4 7. Re1 d5 8. d3
Nf6 9. Nxe5 Nxe5 10. d4 Be6 11. dxe5 Ne4 12. Nd2 Nc5 13. c3 Nxb3 14. Nxb3 c5
15. Be3 Qc7 16. a4 b4 17. cxb4 cxb4 18. Rc1 Qxe5 19. Bc5 Qg5 20. h4 Qd8 21.
Rxe6+ fxe6 22. Qh5+ g6 23. Qe5 Bxc5 24. Qxh8+ Bf8 25. Qxh7 Qf6 26. Rc7 Rd8 27.
Nd4 Bc5 28. Qg8+ Bf8 29. Nxe6 Rb8 30. Nxf8 Qxf8 31. Qe6+ 1-0

[Event "Southfield (MEX/2)"]
[Site "?"]
[Date "1983.??.??"]
[Round "?"]
[White "Puls, M.."]
[Black "Gajic, Z.."]
[Result "1/2-1/2"]
[WhiteElo "2145"]
[BlackElo "2360"]
[PlyCount "98"]
[EventDate "1983.??.??"]

1. e4 c5 2. Nf3 e6 3. d4 cxd4 4. Nxd4 a6 5. Bd3 Qc7 6. O-O Nf6 7. Nc3 Nc6 8.
Nxc6 bxc6 9. f4 d5 10. e5 Nd7 11. Kh1 g6 12. Qe1 Be7 13. b3 Bb7 14. Bb2 c5 15.
Nd1 Nb6 16. Ne3 h5 17. Qg3 h4 18. Qh3 c4 19. Bxg6 fxg6 20. Qxe6 Qc6 21. Qxc6+
Bxc6 22. f5 gxf5 23. Nxf5 Bf8 24. Rad1 Rh7 25. Nd4 Bb7 26. Rf6 Nd7 27. Rf3 Be7
28. e6 Nc5 29. Rdf1 O-O-O 30. Rf7 Rxf7 31. exf7 Kd7 32. Nf5 Rf8 33. Nxe7 Kxe7
34. Ba3 Kd6 35. Rf6+ Ke5 36. Bxc5 Kxf6 37. Bxf8 Kxf7 38. Bc5 Kg6 39. Kg1 Kf5
40. Kf2 Kg4 41. Ke3 cxb3 42. axb3 Bc6 43. Kd4 Bb7 44. b4 Bc6 45. c3 Kf5 46. Be7
h3 47. gxh3 Ke6 48. Bf8 Bb5 49. h4 Bc4 1/2-1/2

[Event "East Detroit (MCO/6)"]
[Site "?"]
[Date "1983.??.??"]
[Round "?"]
[White "Puls, M.."]
[Black "Dangremond, Leonard"]
[Result "1/2-1/2"]
[WhiteElo "2180"]
[BlackElo "1935"]
[PlyCount "66"]
[EventDate "1983.??.??"]

1. e4 e5 2. Nf3 Nc6 3. Bb5 a6 4. Ba4 Nf6 5. O-O Be7 6. Re1 b5 7. Bb3 d6 8. c3
O-O 9. h3 Na5 10. Bc2 c5 11. d4 Qc7 12. Nbd2 Re8 13. Nf1 Bd7 14. d5 c4 15. N3h2
Nb7 16. Ng3 Nc5 17. f4 Reb8 18. Qf3 a5 19. Rf1 b4 20. Ng4 Nxg4 21. hxg4 bxc3
22. bxc3 f6 23. Nf5 Bxf5 24. gxf5 Nb3 25. Ba3 Nxa1 26. Rxa1 Bf8 27. Kf2 Rb7 28.
Rb1 Qf7 29. g4 Rab8 30. g5 fxg5 31. fxg5 Be7 32. Ke2 Bxg5 33. Bxd6 Re8 1/2-1/2

[Event "Ann Arbor (MI Op/7)"]
[Site "?"]
[Date "1983.??.??"]
[Round "?"]
[White "Prusaitis, William"]
[Black "Schreiber, E.."]
[Result "1-0"]
[WhiteElo "1845"]
[BlackElo "1680"]
[PlyCount "51"]
[EventDate "1983.??.??"]

1. e4 e5 2. Nf3 Nc6 3. d4 exd4 4. c3 d6 5. Bc4 Bg4 6. cxd4 Qf6 7. Qb3 Nxd4 8.
Nxd4 Qxd4 9. Be3 Qxe4 10. Bxf7+ Ke7 11. Bd5 Qf5 12. Bxg8 Rxg8 13. Qxg8 Qc2 14.
Bg5+ Kd7 15. Qf7+ Kc6 16. O-O Qxb2 17. Rc1+ Kb6 18. Qxc7+ Ka6 19. Qc4+ Qb5 20.
Qxg4 d5 21. Nc3 Qc6 22. Qe2+ b5 23. a4 Kb7 24. Nxb5 Qb6 25. Rc7+ Kb8 26. Bf4
1-0

[Event "Ann Arbor (MI Op/1)"]
[Site "?"]
[Date "1983.??.??"]
[Round "?"]
[White "Prusaitis, William"]
[Black "Lehotzky, Attila"]
[Result "0-1"]
[WhiteElo "1845"]
[BlackElo "2070"]
[PlyCount "54"]
[EventDate "1983.??.??"]

1. d4 Nf6 2. c4 e6 3. Nc3 Bb4 4. Qc2 d5 5. cxd5 Nxd5 6. e4 Nxc3 7. bxc3 Ba5 8.
Bd2 O-O 9. Bd3 h6 10. Nf3 Qe7 11. Ne5 c5 12. O-O cxd4 13. cxd4 Bxd2 14. Qxd2
Qd6 15. Bb5 Rd8 16. Rfd1 Bd7 17. Nxd7 Nxd7 18. Bxd7 Rxd7 19. Qc2 Rc7 20. Qb3
Rac8 21. d5 exd5 22. Rxd5 Qg6 23. Re1 b6 24. Qe3 Rc2 25. Rd2 Qe6 26. a3 Qa2 27.
Red1 Rxd2 0-1

[Event "East Detroit (MCO/4)"]
[Site "?"]
[Date "1983.??.??"]
[Round "?"]
[White "Prusaitis, William"]
[Black "Koteles, M.."]
[Result "1/2-1/2"]
[WhiteElo "1820"]
[BlackElo "1605"]
[PlyCount "130"]
[EventDate "1983.??.??"]

1. d4 Nf6 2. c4 g6 3. Nc3 Bg7 4. e4 d6 5. f3 O-O 6. Be3 e5 7. d5 Ne8 8. g4 Nd7
9. h4 Bf6 10. g5 Be7 11. Qd2 Ng7 12. Nh3 f5 13. gxf6 Nxf6 14. Bg5 Nfh5 15. Qg2
Nf4 16. Nxf4 exf4 17. Bxe7 Qxe7 18. Qg5 Rf7 19. Ne2 Nh5 20. Rg1 Kh8 21. Rc1 b6
22. b4 a5 23. b5 Bd7 24. a4 Re8 25. Qxe7 Rexe7 26. Kf2 Rf6 27. Kg2 Ref7 28. Rc3
h6 29. Kh2 Re7 30. Bh3 Bxh3 31. Kxh3 Re5 32. Rg4 Kh7 33. Rc1 Re7 34. Rcg1 Ref7
35. R4g2 Ng3 36. Nxg3 fxg3 37. Rxg3 Rxf3 38. Rxf3 Rxf3+ 39. Rg3 Rf2 40. c5 bxc5
41. e5 dxe5 42. Rc3 Rf7 43. Rxc5 Rd7 44. Kg4 Kg7 45. Kf3 Kf6 46. Ke4 Re7 47.
Rc6+ Kf7 48. h5 gxh5 49. Rxh6 Ke8 50. Rxh5 Kd7 51. Rh6 Rg7 52. Ra6 Rg4+ 53.
Kxe5 Rxa4 54. Ra7 Kc8 55. d6 cxd6+ 56. Kxd6 Kb8 57. b6 Ra1 58. Kc6 a4 59. Rh7
Rc1+ 60. Kb5 a3 61. Ka6 a2 62. Rh8+ Rc8 63. Rh1 Rg8 64. Ra1 Rg2 65. Rc1 Rg8
1/2-1/2

[Event "East Detroit (MCO/6)"]
[Site "?"]
[Date "1983.??.??"]
[Round "?"]
[White "Prusaitis, William"]
[Black "Kebrdle, M.."]
[Result "0-1"]
[WhiteElo "1820"]
[BlackElo "1930"]
[PlyCount "60"]
[EventDate "1983.??.??"]

1. e4 c6 2. d4 d5 3. Nc3 dxe4 4. Nxe4 Nf6 5. Nxf6+ gxf6 6. c3 Bf5 7. Ne2 h5 8.
Nf4 Nd7 9. Nxh5 Qa5 10. Ng3 Bg6 11. h4 O-O-O 12. Bd3 e5 13. Bxg6 fxg6 14. Qg4
exd4 15. Qxg6 Qe5+ 16. Ne2 Re8 17. Qc2 Bc5 18. Kd1 dxc3 19. bxc3 Nb6 20. Bf4
Qd5+ 21. Qd2 Qxg2 22. Rh2 Qf3 23. Ke1 Nd5 24. Kf1 Rhg8 25. Bg3 Re4 26. Re1 Rge8
27. h5 Ne3+ 28. Kg1 Ng4 29. Rg2 Rxe2 30. Rd1 Rxd2 0-1

[Event "Ann Arbor (MI Op/5)"]
[Site "?"]
[Date "1983.??.??"]
[Round "?"]
[White "Prusaitis, William"]
[Black "Gordon, S.."]
[Result "1/2-1/2"]
[WhiteElo "1845"]
[BlackElo "1895"]
[PlyCount "86"]
[EventDate "1983.??.??"]

1. d4 Nf6 2. Nf3 d5 3. e3 g6 4. Bd3 Bg7 5. Nbd2 b6 6. c3 O-O 7. Qc2 Bb7 8. Ne5
Nbd7 9. f4 e6 10. Ndf3 c5 11. Qe2 cxd4 12. exd4 Ne4 13. O-O f6 14. Nxd7 Qxd7
15. Nd2 f5 16. Nf3 a5 17. Bd2 Qc8 18. Ne5 Ba6 19. Nf3 Bxd3 20. Qxd3 Qa6 21. Qc2
h6 22. Rac1 Rac8 23. Be3 Rc6 24. Nd2 Rfc8 25. Nxe4 dxe4 26. Rf2 Qc4 27. a3 b5
28. Qd1 Qd5 29. Rfc2 Qc4 30. Qf1 Qxf1+ 31. Kxf1 a4 32. Ke2 Bf6 33. Kd2 g5 34.
g3 g4 35. Rd1 Kf7 36. Rb1 Be7 37. Rbc1 h5 38. Rh1 h4 39. Rcc1 h3 40. Rhd1 Rd8
41. Kc2 Ke8 42. Rd2 Rd7 43. Rcd1 Rd5 1/2-1/2

[Event "Ann Arbor (MI Op/2)"]
[Site "?"]
[Date "1983.??.??"]
[Round "?"]
[White "Prusaitis, William"]
[Black "Fisher, R.."]
[Result "1-0"]
[WhiteElo "1845"]
[BlackElo "1970"]
[PlyCount "37"]
[EventDate "1983.??.??"]

1. d4 d5 2. Nf3 Nf6 3. e3 e6 4. Bd3 c5 5. c3 Be7 6. Nbd2 O-O 7. O-O b6 8. e4
cxd4 9. e5 Nfd7 10. cxd4 f6 11. Re1 fxe5 12. dxe5 Nc6 13. Qc2 Nb4 14. Bxh7+ Kh8
15. Qb1 Ba6 16. a3 Nc6 17. Qg6 Rxf3 18. Qh5 Nf8 19. Bg6+ 1-0

[Event "East Detroit (MCO/2)"]
[Site "?"]
[Date "1983.??.??"]
[Round "?"]
[White "Prusaitis, William"]
[Black "Finegold, Ben"]
[Result "0-1"]
[WhiteElo "1820"]
[BlackElo "2180"]
[PlyCount "54"]
[EventDate "1983.??.??"]

1. e4 c5 2. Nf3 d6 3. d4 cxd4 4. Nxd4 Nf6 5. Nc3 g6 6. f3 Bg7 7. Be3 Nc6 8. Qd2
O-O 9. O-O-O d5 10. Nxc6 bxc6 11. exd5 cxd5 12. Nxd5 Nxd5 13. Qxd5 Qc7 14. Qc5
Qb7 15. Bd4 Bf5 16. Bc3 Rfc8 17. Qb5 Bh6+ 18. Kb1 Qxb5 19. Bxb5 Rab8 20. a4 a6
21. g4 axb5 22. gxf5 bxa4 23. Ka2 a3 24. fxg6 axb2 25. gxf7+ Kxf7 26. Be5 Rb5
27. f4 Ra8+ 0-1

[Event "Ann Arbor (MI Op/3)"]
[Site "?"]
[Date "1983.??.??"]
[Round "?"]
[White "Proszkow, T.."]
[Black "Van Camp, W.."]
[Result "0-1"]
[WhiteElo "1680"]
[BlackElo "2030"]
[PlyCount "74"]
[EventDate "1983.??.??"]

1. d4 Nf6 2. Nf3 c5 3. e3 e6 4. c3 Be7 5. Bd3 O-O 6. O-O d5 7. c4 Nbd7 8. Nbd2
b6 9. b3 Bb7 10. Bb2 Ne4 11. Qc2 f5 12. Rad1 Qe8 13. cxd5 exd5 14. dxc5 Ndxc5
15. Be2 Rc8 16. Qb1 Bf6 17. Nd4 g5 18. Rfe1 g4 19. Nf1 Bg5 20. f3 Nd6 21. Bc1
h5 22. Qb2 Rc7 23. Bd2 gxf3 24. Nxf3 Bf6 25. Bc3 Na4 26. bxa4 Bxc3 27. Qc2 Rff7
28. Qb1 Bxe1 29. Rxe1 Qxa4 30. Ng5 Rfe7 31. Qa1 d4 32. exd4 Rc2 33. Ng3 h4 34.
Bc4+ Qxc4 35. Rxe7 Rc1+ 36. Qxc1 Qxc1+ 37. Nf1 Qxg5 0-1

[Event "Ann Arbor (MI Op/6)"]
[Site "?"]
[Date "1983.??.??"]
[Round "?"]
[White "Proszkow, T.."]
[Black "Szczypka, Tom"]
[Result "0-1"]
[WhiteElo "1680"]
[BlackElo "1855"]
[PlyCount "68"]
[EventDate "1983.??.??"]

1. d4 g6 2. Nf3 Bg7 3. c4 b6 4. Nc3 Bb7 5. e4 e6 6. Be3 d5 7. e5 Ne7 8. Qb3 O-O
9. Be2 Nbc6 10. cxd5 Na5 11. Qa3 Nxd5 12. Nxd5 Qxd5 13. O-O h5 14. Rfd1 Rfc8
15. Ne1 Nc4 16. Bxc4 Qxc4 17. Rac1 Qd5 18. Bg5 c5 19. Nf3 c4 20. Qc3 b5 21. Be7
Re8 22. Bc5 Bxe5 23. dxe5 Qxc5 24. Rd7 Bd5 25. Nd4 Red8 26. Rxd8+ Rxd8 27. Rd1
Be4 28. Rd2 b4 29. Qe3 c3 30. bxc3 bxc3 31. Rd1 c2 32. Rf1 Qxd4 33. Qc1 Qd1 34.
Qa1 Qxa1 0-1

[Event "East Detroit (MCO/1)"]
[Site "?"]
[Date "1983.??.??"]
[Round "?"]
[White "Proszkow, T.."]
[Black "Keeley, G.."]
[Result "1-0"]
[WhiteElo "1680"]
[BlackElo "1605"]
[PlyCount "33"]
[EventDate "1983.??.??"]

1. d4 f5 2. c4 d6 3. Nc3 Nf6 4. f3 Nc6 5. e4 e6 6. Bg5 Be7 7. Qd2 e5 8. Nge2
Be6 9. d5 h6 10. Bxf6 Bxf6 11. dxe6 Bg5 12. Qd5 Nb4 13. Qb5+ Nc6 14. f4 exf4
15. Qxf5 Rf8 16. Qg6+ Ke7 17. Nd5# 1-0

[Event "Ann Arbor (MI Op/1)"]
[Site "?"]
[Date "1983.??.??"]
[Round "?"]
[White "Proszkow, T.."]
[Black "Jarosz, Stan"]
[Result "1/2-1/2"]
[WhiteElo "1680"]
[BlackElo "1970"]
[PlyCount "110"]
[EventDate "1983.??.??"]

1. d4 d5 2. c4 e6 3. Nc3 Be7 4. Nf3 Nf6 5. e3 O-O 6. Bd3 b6 7. Bd2 Bb7 8. Rc1
c5 9. b3 Ne4 10. O-O Nd7 11. Qe2 Ndf6 12. Rfd1 Bd6 13. h3 h6 14. Be1 Kh8 15.
Nb5 Bb8 16. Nd2 Qe7 17. Nc3 a6 18. Ncxe4 dxe4 19. Bb1 Qc7 20. Nf1 Nh7 21. dxc5
bxc5 22. Bc3 Ng5 23. Qh5 Kg8 24. b4 f5 25. h4 Nh7 26. Qe2 f4 27. exf4 Qxf4 28.
Rd7 Rf7 29. Rxf7 Kxf7 30. Rd1 Nf8 31. Qh5+ g6 32. Qxc5 Ba7 33. g3 Bxc5 34. gxf4
Be7 35. h5 gxh5 36. Ng3 a5 37. b5 Rc8 38. Bxe4 Bxe4 39. Nxe4 Rxc4 40. f3 Bb4
41. Rd3 Bxc3 42. Rxc3 Rxc3 43. Nxc3 Nd7 44. Kg2 Kf6 45. Kg3 Kf5 46. Ne4 h4+ 47.
Kxh4 Kxf4 48. Nd2 Nb6 49. Nb3 e5 50. Nxa5 Kxf3 51. Nb3 Ke3 52. Kg3 Kd3 53. Kg4
Na4 54. Kf5 e4 55. b6 Nxb6 1/2-1/2

[Event "East Detroit (MCO/6)"]
[Site "?"]
[Date "1983.??.??"]
[Round "?"]
[White "Proszkow, T.."]
[Black "Griffore, G.."]
[Result "1/2-1/2"]
[WhiteElo "1680"]
[BlackElo "1605"]
[PlyCount "90"]
[EventDate "1983.??.??"]

1. d4 Nf6 2. c4 g6 3. Nf3 Bg7 4. Nc3 O-O 5. e4 d6 6. Be3 Nbd7 7. Qd2 Ng4 8. Bg5
h6 9. Bh4 c6 10. h3 Ngf6 11. Bd3 Qc7 12. O-O Kh7 13. Bg3 Nh5 14. Bh2 e5 15. g4
exd4 16. Ne2 Be5 17. Nxe5 Nxe5 18. Bxe5 dxe5 19. gxh5 Bxh3 20. Ng3 Bxf1 21.
Rxf1 Qe7 22. f4 Qh4 23. Kg2 gxh5 24. Rh1 Qg4 25. Be2 Qxf4 26. Qxf4 exf4 27.
Nxh5 Rg8+ 28. Kf3 Rg5 29. Bd3 f6 30. Nxf4 Re5 31. Nh5 Rf8 32. Ng3 f5 33. Nxf5
Rfxf5+ 34. exf5 Re3+ 35. Kf4 Rxd3 36. Rg1 Rd2 37. f6 Rxb2 38. Ke5 d3 39. Ke6
Re2+ 40. Kf7 d2 41. Rg7+ Kh8 42. Rg8+ Kh7 43. Rd8 h5 44. Kf8 Kg6 45. Rd6 Kh7
1/2-1/2

[Event "East Detroit (MCO/3)"]
[Site "?"]
[Date "1983.??.??"]
[Round "?"]
[White "Proszkow, T.."]
[Black "Collins, Charles"]
[Result "1-0"]
[WhiteElo "1680"]
[BlackElo "1605"]
[PlyCount "65"]
[EventDate "1983.??.??"]

1. d4 Nf6 2. c4 e6 3. Nf3 c5 4. e3 b6 5. Nc3 Bb7 6. d5 exd5 7. cxd5 d6 8. Bb5+
Nbd7 9. a4 Be7 10. e4 O-O 11. O-O Qc7 12. Bg5 Rfe8 13. Re1 a6 14. Bc4 Ne5 15.
Bb3 Nfd7 16. Bf4 Bf6 17. Rc1 Ng6 18. Bg3 Nde5 19. Qe2 c4 20. Nxe5 Bxe5 21. Bxc4
Nf4 22. Bxf4 Bxf4 23. Rc2 Bc8 24. Bd3 Re5 25. Qf3 Bh6 26. Nb5 Qe7 27. Rc7 Bd7
28. Nd4 g6 29. Nc6 Qh4 30. Nxe5 Bf4 31. g3 Qh3 32. Nxd7 Kg7 33. Qxf4 1-0

[Event "Ann Arbor (MI Op/3)"]
[Site "?"]
[Date "1983.??.??"]
[Round "?"]
[White "Postma, D.."]
[Black "Szczypka, Tom"]
[Result "1-0"]
[WhiteElo "2045"]
[BlackElo "1855"]
[PlyCount "63"]
[EventDate "1983.??.??"]

1. e4 c5 2. c3 g6 3. d4 Bg7 4. Nf3 Nf6 5. Bd3 d5 6. e5 Ng4 7. O-O c4 8. Be2 Nc6
9. b3 b5 10. a4 Na5 11. Nbd2 Bd7 12. axb5 Bxb5 13. Ng5 Nh6 14. bxc4 dxc4 15.
Nxc4 Nxc4 16. Bxc4 Bxc4 17. Qa4+ Qd7 18. Qxc4 O-O 19. Ra6 Rfc8 20. Qb3 Rab8 21.
Qa3 Rb7 22. Ne4 Qf5 23. f3 Rb1 24. Rxa7 Bf8 25. Ra8 Rxa8 26. Qxa8 Rxc1 27. Rxc1
Qf4 28. Re1 Nf5 29. g3 Qh6 30. f4 Qh3 31. Ng5 Qh5 32. Qe8 1-0

[Event "Ann Arbor (MI Op/6)"]
[Site "?"]
[Date "1983.??.??"]
[Round "?"]
[White "Postma, D.."]
[Black "Mason, D.."]
[Result "1/2-1/2"]
[WhiteElo "2045"]
[BlackElo "1880"]
[PlyCount "96"]
[EventDate "1983.??.??"]

1. e4 c6 2. d4 d5 3. Nc3 dxe4 4. Nxe4 Nd7 5. Bc4 Ngf6 6. Ng5 e6 7. Ne2 h6 8.
Nf3 Be7 9. O-O O-O 10. Bf4 Nb6 11. Bd3 Bd7 12. c4 c5 13. dxc5 Bxc5 14. Qc1 Rc8
15. Rd1 Ng4 16. Bg3 Qe7 17. h3 Nf6 18. a3 Ba4 19. Rd2 Bb3 20. Ne5 Rfd8 21. Qc3
Nxc4 22. Bxc4 Bxc4 23. Nxc4 Rxd2 24. Qxd2 Ne4 25. Qd3 Bxf2+ 26. Bxf2 Nxf2 27.
Kxf2 Qh4+ 28. Qg3 Qxg3+ 29. Kxg3 Rxc4 30. Rc1 Rxc1 31. Nxc1 Kf8 32. Nb3 Ke7 33.
Kf4 g5+ 34. Kg4 f5+ 35. Kf3 b6 36. g4 Kf6 37. Nd4 a6 38. b4 Ke5 39. Nc6+ Kd5
40. Ne7+ Kc4 41. gxf5 exf5 42. Nxf5 Kb3 43. Nxh6 Kxa3 44. b5 a5 45. Nf5 a4 46.
Ke3 Kb4 47. Nd4 Kc5 48. Kd3 Kb4 1/2-1/2

[Event "Ann Arbor (MI Op/5)"]
[Site "?"]
[Date "1983.??.??"]
[Round "?"]
[White "Postma, D.."]
[Black "George, R.."]
[Result "1-0"]
[WhiteElo "2045"]
[BlackElo "1915"]
[PlyCount "61"]
[EventDate "1983.??.??"]

1. e4 e5 2. Nf3 Nc6 3. Bc4 Nf6 4. d3 Bc5 5. O-O d6 6. Bg5 Bg4 7. c3 a6 8. a4
Qe7 9. Nbd2 Nd8 10. Qb3 O-O 11. d4 Ba7 12. Rfe1 Rb8 13. Be3 c6 14. dxe5 Bxe3
15. exf6 Qxf6 16. Rxe3 b5 17. Be2 Ne6 18. axb5 axb5 19. e5 dxe5 20. Nxe5 Bxe2
21. Nd7 Qg5 22. Rxe6 Qxd2 23. Nxf8 Rxf8 24. Re3 Rd8 25. h3 g6 26. Qb4 Kg7 27.
b3 Bd1 28. Ra7 Qb2 29. Rxf7+ Kxf7 30. Qe7+ Kg8 31. Qxd8+ 1-0

[Event "Ann Arbor (MI Op/1)"]
[Site "?"]
[Date "1983.??.??"]
[Round "?"]
[White "Postma, D.."]
[Black "Bautista, L.."]
[Result "1-0"]
[WhiteElo "2045"]
[BlackElo "1830"]
[PlyCount "43"]
[EventDate "1983.??.??"]

1. e4 c6 2. d4 d5 3. Nc3 dxe4 4. Nxe4 Nd7 5. Nf3 Ngf6 6. Ng3 e6 7. Bd3 Be7 8.
O-O O-O 9. a4 Bd6 10. Re1 Re8 11. Ne5 Qc7 12. Nc4 Bf4 13. Qf3 Bxc1 14. Raxc1
Nb6 15. Ne5 Nxa4 16. Nh5 Qe7 17. Nxf6+ Qxf6 18. Qe4 g6 19. Re3 Qe7 20. Ng4 Nb6
21. Qe5 f6 22. Nxf6+ 1-0

[Event "Ann Arbor (MI Op/3)"]
[Site "?"]
[Date "1983.??.??"]
[Round "?"]
[White "Poschel, Paul"]
[Black "Thurman, John"]
[Result "1-0"]
[WhiteElo "2275"]
[BlackElo "1685"]
[PlyCount "67"]
[EventDate "1983.??.??"]

1. c4 Nf6 2. Nc3 e6 3. e4 d5 4. e5 Ne4 5. Nxe4 dxe4 6. Qg4 f5 7. exf6 Qxf6 8.
Qxe4 Bc5 9. Nf3 Nc6 10. Bd3 Bd7 11. O-O O-O-O 12. Be2 Nd4 13. Nxd4 Bxd4 14. d3
Bc6 15. Qg4 h6 16. Rb1 Kb8 17. b3 g5 18. Be3 h5 19. Qg3 Rdg8 20. Bxd4 Qxd4 21.
Qe3 Qf6 22. Bf3 Bxf3 23. Qxf3 Qxf3 24. gxf3 Kc8 25. Rbe1 Kd7 26. Re3 Rf8 27.
Rfe1 Rh6 28. Kg2 Rf4 29. Re4 Rhf6 30. Rxf4 Rxf4 31. Re5 Rf5 32. Rxf5 exf5 33.
d4 Ke6 34. f4 1-0

[Event "Ann Arbor (MI Op/1)"]
[Site "?"]
[Date "1983.??.??"]
[Round "?"]
[White "Poschel, Paul"]
[Black "Sheridan, Gregory"]
[Result "1-0"]
[WhiteElo "2275"]
[BlackElo "1950"]
[PlyCount "63"]
[EventDate "1983.??.??"]

1. d4 Nf6 2. c4 e6 3. Nc3 Bb4 4. Qc2 d5 5. cxd5 exd5 6. Bg5 O-O 7. e3 c6 8. Bd3
h6 9. Bh4 Nbd7 10. Nge2 Re8 11. O-O-O Qa5 12. Kb1 Be7 13. Bxf6 Nxf6 14. h3 b5
15. Nc1 Qb6 16. g4 a5 17. Rdg1 Nd7 18. h4 a4 19. g5 h5 20. g6 f5 21. Bxf5 Nf6
22. Bxc8 Raxc8 23. Qf5 Bb4 24. N3e2 Bd6 25. Nd3 Qd8 26. Nef4 Bxf4 27. Nxf4 Qd6
28. Nxh5 Qe6 29. Nxf6+ Qxf6 30. Qh5 Kf8 31. Rg5 Ke7 32. Rf5 1-0

[Event "Southfield (MEX/2)"]
[Site "?"]
[Date "1983.??.??"]
[Round "?"]
[White "Poschel, Paul"]
[Black "Rawley, L.."]
[Result "1/2-1/2"]
[WhiteElo "2260"]
[BlackElo "2200"]
[PlyCount "108"]
[EventDate "1983.??.??"]

1. d4 f5 2. g3 Nf6 3. Bg2 e6 4. Nh3 Be7 5. O-O O-O 6. c4 d6 7. Nc3 c6 8. e4
fxe4 9. Nxe4 e5 10. dxe5 dxe5 11. Qe2 Na6 12. Nhg5 Bf5 13. Nxf6+ gxf6 14. Ne4
Qd7 15. Bh6 Rfe8 16. Rad1 Qe6 17. Be3 Bg4 18. f3 Bf5 19. b3 b6 20. Kh1 Rad8 21.
Rxd8 Rxd8 22. Rd1 Rxd1+ 23. Qxd1 Qd7 24. Qxd7 Bxd7 25. f4 f5 26. Bh3 exf4 27.
Bxf4 Nc5 28. Nxc5 Bxc5 29. Kg2 b5 30. Kf3 bxc4 31. bxc4 Be6 32. Bf1 Be7 33. Bb8
a6 34. Kf4 Kf7 35. Ke5 Bc5 36. Bd6 Bg1 37. Be2 Bc8 38. Bh5+ Kg7 39. h4 Bf2 40.
Kf4 Be6 41. Be5+ Kf8 42. Be2 h6 43. Kf3 Bc5 44. Bd3 Ba3 45. Bd4 Kf7 46. Be3 Kg7
47. Bd2 Bb2 48. a4 c5 49. Be3 Bd7 50. Bxc5 Bxa4 51. Bb4 Bc6+ 52. Ke3 Be5 53.
Bxf5 Bxg3 54. Bc3+ Kf7 1/2-1/2